| 000 -LEADER |
| fixed length control field |
00650nam a22001817a 4500 |
| 020 ## - INTERNATIONAL STANDARD BOOK NUMBER |
| ISBN |
9781032378817 |
| 082 ## - DEWEY DECIMAL CLASSIFICATION NUMBER |
| Classification number |
364.973 |
| Item number |
Ed26 2024 |
| 100 ## - MAIN ENTRY--AUTHOR NAME |
| Personal name |
Edwards, Bradley D., author. |
| 245 ## - TITLE STATEMENT |
| Title |
Introduction to criminal justice / Bradley D. Edwards and Lawrence F. Travis III. |
| 250 ## - EDITION STATEMENT |
| Edition statement |
Tenth edition. |
| 260 ## - PUBLICATION, DISTRIBUTION, ETC. (IMPRINT) |
| Place of publication |
New York, NY : |
| Name of publisher |
Routledge, Taylor & Francis Group, |
| Year of publication |
2024. |
| 300 ## - PHYSICAL DESCRIPTION |
| Number of Pages |
1 online resource, xiv, 488 pages : |
| Other physical details |
illustrations (some color). |
| 500 ## - GENERAL NOTE |
| General note |
Includes bibliographical references and index. |
| 650 ## - SUBJECT ADDED ENTRY--TOPICAL TERM |
| Topical Term |
Criminal justice. |
| 650 ## - SUBJECT ADDED ENTRY--TOPICAL TERM |
| Topical Term |
Criminal law. |
| 700 ## - ADDED ENTRY--PERSONAL NAME |
| Personal name |
Travis, Lawrence F. , III, author. |
| 942 ## - ADDED ENTRY ELEMENTS (KOHA) |
| Koha item type |
Electronic Books |